000 01106cab a2200337 4500
001 ABS53037
008 090401t1995 xxu||||| |||| 00| 0 eng d
035 _a(Sirsi) u1479
041 _aeng
100 _aEade, C.
245 _aPutting on a brave front
260 _c1995
350 _a0
490 _aProperty Week
_v51(10) 8 June 1995, 38-46(3)
520 _aFeature on high street development, which despite high rents and receiverships remains buoyant. Looks at developments in Walsall, Middlesbrough and Oxford. Additionally reviews prospects for discount warehousing following the collapse of Cargo Club.
650 _aCARGO CLUB
650 _aCOSTCO
650 _aDISCOUNT WAREHOUSING
650 _aMIDDLESBROUGH
650 _aOXFORD
650 _aRECEIVERSHIP
650 _aRETAIL DEVELOPMENT
650 _aPROPERTY-COMMERCIAL PROPERTY-RETAIL PROPERTY-RETAIL PROPERTY MARKET
650 _aRETAIL RENTS
650 _aRETAILERS
650 _aWALSALL
650 _aWAREHOUSES
690 _aPROPERTY-COMMERCIAL PROPERTY-RETAIL PROPERTY
942 _n0
948 _c04/03/1997
999 _c826
_d826